Alam di kota (Record no. 129672)

MARC details
000 -LEADER
fixed length control field 00739nam a2200265 i 4500
001 - CONTROL NUMBER
control field C2-0330898
003 - CONTROL NUMBER IDENTIFIER
control field PPAK
005 - DATE AND TIME OF LATEST TRANSACTION
control field 20180728131411.0
008 - FIXED-LENGTH DATA ELEMENTS--GENERAL INFORMATION
fixed length control field 150519s2015 my a|||| ||||| | may d
020 ## - INTERNATIONAL STANDARD BOOK NUMBER
International Standard Book Number 9789670523750
040 ## - CATALOGING SOURCE
Original cataloging agency PPAK
Language of cataloging eng
Transcribing agency PPAK
Description conventions rda
082 04 - DEWEY DECIMAL CLASSIFICATION NUMBER
Classification number 899.233
Edition number 23
090 00 - LOCALLY ASSIGNED LC-TYPE CALL NUMBER (OCLC); LOCAL CALL NUMBER (RLIN)
Classification number (OCLC) (R) ; Classification number, CALL (RLIN) (NR) 899.233
Feature heading AFI
Feature heading K
100 0# - MAIN ENTRY--PERSONAL NAME
Personal name Afiq Hamzah,
Relator term author
245 10 - TITLE STATEMENT
Title Alam di kota
264 #1 - PRODUCTION, PUBLICATION, DISTRIBUTION, MANUFACTURE, AND COPYRIGHT NOTICE
Place of production, publication, distribution, manufacture Subang Jaya, Selangor :
Name of producer, publisher, distributor, manufacturer Bright Publications ,
Date of production, publication, distribution, manufacture, or copyright notice 2015
300 ## - PHYSICAL DESCRIPTION
Extent 95 pages :
Other physical details illustrations ;
Dimensions 21 cm
336 ## - CONTENT TYPE
Source rdacontent
Content type term text
337 ## - MEDIA TYPE
Source rdamedia
Media type term unmediated
338 ## - CARRIER TYPE
Source rdacarrier
Carrier type term volume
490 1# - SERIES STATEMENT
Series statement Siri remaja harapan
650 10 - SUBJECT ADDED ENTRY--TOPICAL TERM
Topical term or geographic name entry element Children's stories, Malay.
830 #0 - SERIES ADDED ENTRY--UNIFORM TITLE
Uniform title Siri remaja harapan
942 ## - ADDED ENTRY ELEMENTS (KOHA)
-- dc
Koha item type Book
Holdings
Withdrawn Not for loan Current library Shelving location Date acquired Full call number Barcode Date last seen Koha item type Total Checkouts Date last checked out
    Perpustakaan Alor Setar Pinjaman Kanak-kanak 01/06/2015 K 899.233 AFI A01452021 09/05/2018 Book    
    Perpustakaan Alor Setar Pinjaman Kanak-kanak 17/09/2015 K 899.233 AFI A01457107 09/05/2018 Book    
    Perpustakaan Baling Pinjaman Kanak-kanak 17/09/2015 K 899.233 AFI A01457109 09/05/2018 Book    
    Perpustakaan Jitra Pinjaman Kanak-kanak 17/09/2015 K 899.233 AFI A01457108 09/05/2018 Book    
    Perpustakaan Kulim Pinjaman Kanak-kanak 01/06/2015 K 899.233 AFI A01452022 09/05/2018 Book    
    Perpustakaan Langkawi Pinjaman Kanak-kanak 01/06/2015 K 899.233 AFI A01452023 29/11/2023 Book 1 19/11/2023
    Perpustakaan Langkawi Pinjaman Kanak-kanak 17/09/2015 K 899.233 AFI A01457110 09/05/2018 Book